| 000 | 00678nam a2200181 i 4500 | ||
|---|---|---|---|
| 001 | 93027 | ||
| 003 | ES-MaACL | ||
| 005 | 20231221180632.0 | ||
| 007 | t| | ||
| 008 | 050407s1982 sp ||||1| spa d | ||
| 100 | 1 |
_aLobo Cabrera, Manuel. _973023 |
|
| 245 | 1 | 3 |
_aLa esclavitud en las Canarias orientales en el siglo XVI _b: (negros, moros y moriscos)... / _cManuel Lobo Cabrera; prólogo Antonio de Bethencourt Massieu. |
| 260 |
_aSanta Cruz de Tenerife : _bCabildo Insular de Gran Canaria, _c1982. |
||
| 300 |
_a628 p. : _bil. ; _c25 cm. |
||
| 700 | 1 |
_aBéthencourt Massieu, Antonio de, _d1919-2017 _928663 |
|
| 852 |
_aES-MaACL _jL-3800 _bR.104903 |
||
| 999 |
_c93027 _d93027 |
||